Инновационные процессы обогащения и глубокой переработки редкометаллического и горнохимического сырья и комплексных руд цветных и черных металлов (Запись № 13681068)
[ простой вид ]
| 000 -МАРКЕР | |
|---|---|
| контрольное поле | 03531nam0a2200445 4500 |
| 001 - ИДЕНТИФИКАТОР ЗАПИСИ | |
| контрольное поле | RU\NLR\BIBL_A\022598937 |
| 005 - ИДЕНТИФИКАТОР ВЕРСИИ | |
| контрольное поле | 20260420051902.0 |
| 010 ## - МЕЖДУНАРОДНЫЙ СТАНДАРТНЫЙ НОМЕР КНИГИ (ISBN) | |
| Номер (ISBN) | 978-5-91137-523-2 |
| Тираж | 300 |
| 021 ## - НОМЕР ГОСУДАРСТВЕННОЙ РЕГИСТРАЦИИ | |
| Код страны | Российская Федерация |
| Номер | КН-П-25-035218 |
| Номер Листа государственной регистраци | КН-П-25-3473 |
| 035 ## - ДРУГИЕ СИСТЕМНЫЕ НОМЕРА | |
| Идентификатор записи | (NLR Aleph) 022598937 |
| 100 ## - ДАННЫЕ ОБЩЕЙ ОБРАБОТКИ | |
| Данные общей обработки | 20250811d2024 k y0rusy50 ca |
| 101 0# - ЯЗЫК РЕСУРСА | |
| Язык текста, звукозаписи и т.д. | русский |
| -- | английский |
| 102 ## - СТРАНА ПУБЛИКАЦИИ ИЛИ ПРОИЗВОДСТВА | |
| Страна публикации | Российская Федерация |
| 105 ## - ПОЛЕ КОДИРОВАННЫХ ДАННЫХ: ТЕКСТОВЫЕ МАТЕРИАЛЫ, МОНОГРАФИЧЕСКИЕ | |
| Кодированные данные о монографическом текстовом документе | a z 110yy |
| 181 #0 - ПОЛЕ КОДИРОВАННЫХ ДАННЫХ: ВИД СОДЕРЖАНИЯ | |
| Код вида содержания (ISBD) | i3 |
| Код характеристики содержания (ISBD) | axxe |
| 182 #0 - ПОЛЕ КОДИРОВАННЫХ ДАННЫХ: ТИП СРЕДСТВА | |
| Код типа средства (ISBD) | n - непосредственное |
| 200 1# - ЗАГЛАВИЕ И СВЕДЕНИЯ ОБ ОТВЕТСТВЕННОСТИ | |
| Основное заглавие | Инновационные процессы обогащения и глубокой переработки редкометаллического и горнохимического сырья и комплексных руд цветных и черных металлов |
| Параллельное заглавие | Innovative processes of beneficiation and deep processing of rare metal and mining chemical raw materials and complex ores of non-ferrous and ferrous metals |
| Сведения, относящиеся к заглавию | (Плаксинские чтения - 2024), г. Апатиты, 23-27 сентября 2024 г. |
| -- | материалы международной конференции |
| Первые сведения об ответственности | Отделение наук о Земле Российской академии наук [и др.] |
| Последующие сведения об ответственности | научные редакторы: академик РАН В. А. Чантурия [и др.] |
| Язык параллельного заглавия | английский |
| 203 ## - ВИД СОДЕРЖАНИЯ И ТИП СРЕДСТВА | |
| Вид содержания | Текст |
| Дополнительные сведения об издании | визуальный |
| Тип средства | непосредственный |
| 210 ## - ПУБЛИКАЦИЯ, РАСПРОСТРАНЕНИЕ И ДР. | |
| Место издания, распространения и т.д. | Апатиты |
| Имя издателя, распространителя и т. д. | Федеральный исследовательский центр "Кольский научный центр РАН" |
| Дата издания, распространения и т.д. | 2024 |
| 215 ## - ФИЗИЧЕСКАЯ ХАРАКТЕРИСТИКА | |
| Специфическое обозначение материала и объем | 565 с. |
| Другие сведения о физической характеристике | ил., цв. ил., табл. |
| Размеры | 21 |
| 300 ## - ОБЩИЕ ПРИМЕЧАНИЯ | |
| Текст примечания | На обл. подзаг.: Международная конференция "Плаксинские чтения - 2024" |
| 300 ## - ОБЩИЕ ПРИМЕЧАНИЯ | |
| Текст примечания | Часть текста парал. на рус. и англ. яз. |
| 300 ## - ОБЩИЕ ПРИМЕЧАНИЯ | |
| Текст примечания | На тит. с.: К 300-летию РАН |
| 320 ## - ПРИМЕЧАНИЯ О НАЛИЧИИ В ДОКУМЕНТЕ БИБЛИОГРАФИИ / УКАЗАТЕЛЯ | |
| Текст примечания | Библиогр. в конце ст. |
| 510 1# - ПАРАЛЛЕЛЬНОЕ ЗАГЛАВИЕ | |
| Параллельное заглавие | Innovative processes of beneficiation and deep processing of rare metal and mining chemical raw materials and complex ores of non-ferrous and ferrous metals |
| Язык заглавия | английский |
| 606 1# - НАИМЕНОВАНИЕ ТЕМЫ КАК ПРЕДМЕТ | |
| Наименование темы | Минеральное сырье |
| Формальный подзаголовок | Съезды, совещания и т.п |
| Тематический подзаголовок | Переработка |
| Системный номер авторитетной/нормативной записи | 1674890 |
| Идентификатор авторитетной/нормативной записи | RU\NLR\AUTH\66743124 |
| 606 1# - НАИМЕНОВАНИЕ ТЕМЫ КАК ПРЕДМЕТ | |
| Наименование темы | Техногенное сырье |
| Формальный подзаголовок | Съезды, совещания и т.п |
| Системный номер авторитетной/нормативной записи | 2089554 |
| Идентификатор авторитетной/нормативной записи | RU\NLR\AUTH\661264859 |
| 606 1# - НАИМЕНОВАНИЕ ТЕМЫ КАК ПРЕДМЕТ | |
| Наименование темы | Руды |
| Формальный подзаголовок | Съезды, совещания и т.п |
| Тематический подзаголовок | Обогащение |
| Системный номер авторитетной/нормативной записи | 1180338 |
| Идентификатор авторитетной/нормативной записи | RU\NLR\AUTH\66157222 |
| 606 1# - НАИМЕНОВАНИЕ ТЕМЫ КАК ПРЕДМЕТ | |
| Наименование темы | Руды |
| Формальный подзаголовок | Съезды, совещания и т.п |
| Тематический подзаголовок | Переработка |
| Системный номер авторитетной/нормативной записи | 1538579 |
| Идентификатор авторитетной/нормативной записи | RU\NLR\AUTH\66971890 |
| 686 1# - ИНДЕКСЫ ДРУГИХ КЛАССИФИКАЦИЙ | |
| Индекс | Л20я431(0) |
| 686 1# - ИНДЕКСЫ ДРУГИХ КЛАССИФИКАЦИЙ | |
| Индекс | И41,3я431(0) |
| 702 #1 - ИМЯ ЛИЦА - ВТОРИЧНАЯ ОТВЕТСТВЕННОСТЬ | |
| Код отношения | Редактор |
| Графика поля | Кириллица |
| Материалы, к которым относится поле | rus |
| Начальный элемент ввода | Чантурия |
| Часть имени, кроме начального элемента ввода | В. А. |
| Даты | 1938- |
| Расширение инициалов личного имени | Валентин Алексеевич |
| Системный номер авторитетной/нормативной записи | 27430 |
| Идентификатор авторитетной/нормативной записи | RU\NLR\AUTH\7744490 |
| 711 12 - НАИМЕНОВАНИЕ ОРГАНИЗАЦИИ - АЛЬТЕРНАТИВНАЯ ОТВЕТСТВЕННОСТЬ | |
| Начальный элемент ввода | "Инновационные процессы обогащения и глубокой переработки редкометаллического и горнохимического сырья и комплексных руд цветных и черных металлов", международная конференция |
| Место проведения временной организации | Апатиты |
| Дата проведения временной организации | 2024 |
| Системный номер авторитетной/нормативной записи | 2673413 |
| Идентификатор авторитетной/нормативной записи | RU\NLR\AUTH\880629753 |
| 712 02 - НАИМЕНОВАНИЕ ОРГАНИЗАЦИИ - ВТОРИЧНАЯ ОТВЕТСТВЕННОСТЬ | |
| Код отношения | Организатор конференции |
| Начальный элемент ввода | Российская академия наук |
| Структурное подразделение | Отделение наук о Земле |
| Системный номер авторитетной/нормативной записи | 606128 |
| Идентификатор авторитетной/нормативной записи | RU\NLR\AUTH\8810052853 |
| 942 ## - ДОПОЛНИТЕЛЬНЫЕ ЭЛЕМЕНТЫ ЗАПИСИ (АБИС) | |
| Тип экземпляра АБИС | Книга |
| 980 ## - КОЛЛЕКЦИЯ | |
| Название коллекции | Национальная библиография |
Нет доступных экземпляров.